Vietnam industrial competitiveness report 2011 : Executive summary

The report presented recommendations for the Vietnamese Government, including reformulation of industrial strategies and policies, industrial diversification into high value-added products, human resources development for manufacturing, technology development and targeting quality FDI for manufactur...

Volledige beschrijving

Bewaard in:
Bibliografische gegevens
Coauteur: United Nations Industrial Development Organization (UNIDO)
Formaat: Boek
Taal:Undetermined
Gepubliceerd in: Ha Noi United Nations Industrial Development Organization (UNIDO) 2011
Onderwerpen:
Tags: Voeg label toe
Geen labels, Wees de eerste die dit record labelt!
Thư viện lưu trữ: Trung tâm Học liệu Trường Đại học Cần Thơ
LEADER 01109nam a2200217Ia 4500
001 CTU_174313
008 210402s9999 xx 000 0 und d
082 |a 338.9597 
082 |b U58 
110 |a United Nations Industrial Development Organization (UNIDO) 
245 0 |a Vietnam industrial competitiveness report 2011 : 
245 0 |b Executive summary 
245 0 |c United Nations Industrial Development Organization (UNIDO) 
260 |a Ha Noi 
260 |b United Nations Industrial Development Organization (UNIDO) 
260 |c 2011 
520 |a The report presented recommendations for the Vietnamese Government, including reformulation of industrial strategies and policies, industrial diversification into high value-added products, human resources development for manufacturing, technology development and targeting quality FDI for manufacturing. 
650 |a Competition,Cạnh tranh,Economic development,Phát triển kinh tế 
650 |z Vietnam,Việt Nam,Vietnam,Việt Nam 
904 |i KTrang, Trọng Hiếu 
980 |a Trung tâm Học liệu Trường Đại học Cần Thơ